000 00662nam a2200193Ia 4500
008 151121s9999||||xx |||||||||||||| ||und||
082 _aबा।वि।
082 _bHNW-72926
100 _aजोशी द। दा।
245 _aवासुदेव बळवंत फडके
260 _b"कॉन्टिनेंटल प्रकाशन, पुणे।"
260 _c--
300 _a73
600 _aजोशी द। दा।
630 _aवासुदेव बळवंत फडके
700 _aजोशी द। दा।
730 _aवासुदेव बळवंत फडके
942 _cBOOK
999 _c1254384
_d1254381